Anar al contingut
VuFind
Idioma
English
Deutsch
Español
Français
Italiano
日本語
Nederlands
Português
Português (Brasil)
中文(简体)
中文(繁體)
Türkçe
עברית
Gaeilge
Cymraeg
Ελληνικά
Català
Euskara
Русский
Čeština
Suomi
Svenska
polski
Dansk
slovenščina
اللغة العربية
বাংলা
Galego
Tiếng Việt
Hrvatski
हिंदी
Tots els camps
Títol
Autor
Matèria
Signatura
ISBN/ISSN
Etiqueta
Trobar
Avançada
Breaking and Dissipation of Oc...
Citar
Enviar per correu electrònic aquest
Imprimir
Exportar registre
Exportar a RefWorks
Exportar a EndNoteWeb
Exportar a EndNote
permanent_link
Carregant...
Breaking and Dissipation of Ocean Surface Waves
Dades bibliogràfiques
Autor principal:
Alexander
Fons
Descripció
Ítems similars
Visualització del personal
LEADER
00197 a2200097 4500
020
260
942
|c
BK
|6
_
245
|a
Breaking and Dissipation of Ocean Surface Waves
100
|a
Alexander
999
|c
62728
|d
62728
Ítems similars
Breaking and dissipation of ocean surface waves
per: Babanin, Alexander V.
Publicat: (2011)
Breaking and dissipation of ocean surface waves
per: Babanin, Alexander V.
Publicat: (2011)
Breaking and dissipation of ocean surface waves
per: Babanin, Alexander V.
Publicat: (2011)
Breaking and Dissipation of Ocean Surface Waves
per: Alxander
Ocean waves breaking aerosol fluxes
per: Massel, Stanislaw R.
Publicat: (2010)
Carregant...